000 00510nam a2200169Ia 4500
008 090201s9999 xx 000 0 und d
010 _aKPL-63445
040 _bमराठी
041 _aमराठी
082 _a2437
_b63445
100 _aश्यामकांत जाधव
245 _aभावरंग
_cश्यामकांत जाधव
260 _c2004
_bशब्द प्रकाशन
300 _a88
_bमोठा
600 _aभावरंग
942 _cBOOK
999 _c203530
_d203530